|
|
|
|
| LEADER |
03284nam a22003853i 4500 |
| 001 |
EBC6956200 |
| 003 |
MiAaPQ |
| 005 |
20231204023223.0 |
| 006 |
m o d | |
| 007 |
cr cnu|||||||| |
| 008 |
231204s2021 xx o ||||0 ger d |
| 020 |
|
|
|a 9783839453032
|q (electronic bk.)
|
| 020 |
|
|
|z 9783732853038
|
| 035 |
|
|
|a (MiAaPQ)EBC6956200
|
| 035 |
|
|
|a (Au-PeEL)EBL6956200
|
| 035 |
|
|
|a (OCoLC)1296711841
|
| 040 |
|
|
|a MiAaPQ
|b eng
|e rda
|e pn
|c MiAaPQ
|d MiAaPQ
|
| 100 |
1 |
|
|a Scholz, Sebastian.
|
| 245 |
1 |
0 |
|a Epistemische Bilder :
|b Zur medialen Onto-Epistemologie der Sichtbarmachung.
|
| 250 |
|
|
|a 1st ed.
|
| 264 |
|
1 |
|a Bielefeld :
|b transcript,
|c 2021.
|
| 264 |
|
4 |
|c ©2021.
|
| 300 |
|
|
|a 1 online resource (301 pages)
|
| 336 |
|
|
|a text
|b txt
|2 rdacontent
|
| 337 |
|
|
|a computer
|b c
|2 rdamedia
|
| 338 |
|
|
|a online resource
|b cr
|2 rdacarrier
|
| 490 |
1 |
|
|a Edition Medienwissenschaft
|
| 505 |
0 |
|
|a Cover -- Inhalt -- I. ›Etwas wird sichtbar‹ -- Operationen am Bild/Operative Bilder -- ›Zooming In‹: Kollaps der Distanz und Mikroskopisch-Erhabenes -- ›Images That Are Not Art‹: Bilder des Sichtbaren -- Über Sicht: Prämissen und Programm -- II. Archäologie der Sichtbarmachung -- Operationen: Zum Sichtbaren der Wissenschaft -- Konfigurationen: Sichtbarmachung als Kulturtechnik -- Jenseits des Sichtbaren: Wo operieren Medien? -- Hyperphänomenalität: Das Sichtbare und das Unsichtbare -- Dispositive des Wissens: Diskurs und Materialität -- Monumente des Sichtbaren - eine archäologische Annäherung -- Medien des Sichtbaren und des Sagbaren -- III. Medien-Werden: Mikrofotografie und Elektronenmikroskopie -- Das Werden der Medien in Prozessen der Sichtbarmachung -- Exkurs: Besuch im Bakterien-Zoo - Sichtbarmachung und Popularisierung -- Medien/Wissen der Bakteriologie -- Mikrologische Möglichkeits(t)räume: Sichtbarkeit als Restlosigkeit -- Elektronische Sichtbarkeit: ›Übermikroskope‹ und Tunnelströme -- IV. Spurensuche im Experimentalsystem -- Labor/Welten: Sichtbarkeit im/als Experiment -- ›Seeing things‹: Misch-Ontologien der Beobachtung -- Prekäre Referenzen: Das Mediale der Inskription -- Epistemische Bilder: Sichtbarmachung im/als Experimentalsystem -- ›Whatever escape one may seek‹: Zur Unvermeidlichkeit von Repräsentation -- Die Seinsmaschine als Sehmaschine: Graphematische Spuren -- V. Mediale Onto-Epistemologie -- Von der Unbestimmbarkeit der Welt -- Repräsentationen des Unbestimmbaren: K/Ein Bild von Schrödingers Katze -- Verschränkungen: Aktualität und Virtualität -- Mediating the Visible Halfway: Potentiale einer Medien-Onto-Epistemologie -- Danksagung -- Literaturverzeichnis.
|
| 588 |
|
|
|a Description based on publisher supplied metadata and other sources.
|
| 590 |
|
|
|a Electronic reproduction. Ann Arbor, Michigan : ProQuest Ebook Central, 2023. Available via World Wide Web. Access may be limited to ProQuest Ebook Central affiliated libraries.
|
| 655 |
|
4 |
|a Electronic books.
|
| 776 |
0 |
8 |
|i Print version:
|a Scholz, Sebastian
|t Epistemische Bilder
|d Bielefeld : transcript,c2021
|z 9783732853038
|
| 797 |
2 |
|
|a ProQuest (Firm)
|
| 830 |
|
0 |
|a Edition Medienwissenschaft
|
| 856 |
4 |
0 |
|u https://ebookcentral.proquest.com/lib/matrademy/detail.action?docID=6956200
|z Click to View
|